Church Life and Theological Education in Tamil Nadu (Record no. 19322)
[ view plain ]
| 000 -LEADER | |
|---|---|
| fixed length control field | 00652nam a2200241 a 4500 |
| 020 ## - INTERNATIONAL STANDARD BOOK NUMBER | |
| ISBN | |
| 082 00 - DEWEY DECIMAL CLASSIFICATION NUMBER | |
| Classification number | 291.4 |
| Author Cutter | LUN |
| 100 ## - MAIN ENTRY--AUTHOR NAME | |
| Author name | Lundstrom, Ed Klas |
| 245 ## - TITLE STATEMENT | |
| Title | Church Life and Theological Education in Tamil Nadu |
| 260 ## - PUBLICATION, DISTRIBUTION, ETC. (IMPRINT) | |
| Place of publication | Sweden |
| Name of publisher | Sweedish Institute of Mission Research |
| Year of publication | 2003 |
| 300 ## - PHYSICAL DESCRIPTION | |
| Number of Pages | 315p |
| 500 ## - GENERAL NOTE | |
| General note | includes index and biblioraphy |
| 650 ## - SUBJECT ADDED ENTRY--TOPICAL TERM | |
| Topical Term | Christianity and Hinduism |
| 650 ## - SUBJECT ADDED ENTRY--TOPICAL TERM | |
| Topical Term | Comparative Religion |
| 942 ## - ADDED ENTRY ELEMENTS (KOHA) | |
| Koha item type | Books |
| 700 1# - | |
| -- | Lundstrom, Ed Klas |
| Collection code | Home library | Current library | Date acquired | Cost, normal purchase price | Full call number | Accession Number | Koha item type |
|---|---|---|---|---|---|---|---|
| Henry Martyn Institute Library | Henry Martyn Institute Library | 02/05/2010 | 500.00 | 291.4 LUN | 11002104 | Books |
